000 00618nam a2200229Ia 4500
003 OSt
005 20220928104748.0
006 a|||||r|||| 00| 0
007 ta
008 220927b |||||||| |||| 00| 0 eng d
024 _a58758
037 _cTextual
040 _aSDCL
_cSDCL
_beng
041 _2eng
_aeng
082 _aY9(X9), L5
100 _aRose Michael
_9411969
245 0 _aIndustrial behaviour
_b Theoretical develpment since taylor.
260 _aLondon
_bAllen Lane
_c1975
300 _a304p
_ccm.
942 _hY9(X9), L5
_cTEXL
_2CC
999 _c727692
_d727692